Szczegóły MARC21

Dziecko i media elektroniczne : nowy wymiar dzieciństwa. T. 1, Telewizja i inne mass media w życiu dziecka - wyzwaniem dla edukacji medialnej /

003 -Nazwa inst., której nr kontr. jest w polu 001 [,]
    • @
    • Nazwa instytucji, której n kontrolny jest w polu 001
    • NUKAT
005 -DATA I CZAS OSTATNIEJ MODYFIKACJI [,]
    • @
    • pole kontrolne
    • 20241231093040.0
020 -Międzynarod. znormalizowany nr książki - ISBN [ , ]
    • a
    • Numer ISBN
    • 8389190583 Find
    • q
    • Dopowiedzenie
    • tom I
020 -Międzynarod. znormalizowany nr książki - ISBN [ , ]
    • a
    • Numer ISBN
    • 8389190605 Find
    • q
    • Dopowiedzenie
    • tom I i II
040 -Instytucja sporządzająca opis [ , ]
    • a
    • Instytucja, która sporządziła opis (NP)
    • POZN U/AgS
    • c
    • Instytucja, która sporządziła rekord (NP)
    • POZN U/AgS
    • d
    • Instytucja, która zmodyfikowała rekord (P)
    • POZN U/MW
    • d
    • Instytucja, która zmodyfikowała rekord (P)
    • POZN U/KMs
    • d
    • Instytucja, która zmodyfikowała rekord (P)
    • WR O/KSs
942 -Rodzaj dokumentu [ , ]
    • c
    • Rodzaj dokumentu
    • Książka
245 -Strefa tytułu i oznaczenia odpowiedzialności [0,0]
    • a
    • Tytuł
    • Dziecko i media elektroniczne : Find
    • b
    • Ciąg dalszy tytułu (NP)
    • nowy wymiar dzieciństwa. Find
    • n
    • Oznaczenie części (P)
    • T. 1,
    • p
    • Nazwa części (P)
    • Telewizja i inne mass media w życiu dziecka - wyzwaniem dla edukacji medialnej /
    • c
    • Pozostałe elementy strefy tytułu i oznaczenia odpowiedzialności (NP)
    • pod red. Jadwigi Izdebskiej i Tomasza Sosnowskiego.
246 -Wariant tytułu [3, ]
    • a
    • Tytuł (NP)
    • Telewizja i inne mass media w życiu dziecka - wyzwaniem dla edukacji medialnej
260 -Strefa adresu wydawniczego [ , ]
    • a
    • Miejsce wydania (P)
    • Białystok :
    • b
    • Nazwa wydawcy (P)
    • Trans Humana,
    • c
    • Data wydania (P)
    • 2005.
300 -Strefa opisu fizycznego [ , ]
    • a
    • Określenie formy książki i/lub objętość (NP)
    • 346 s. ;
    • c
    • Format (NP)
    • 21 cm.
336 -Typ zawartości [ , ]
    • a
    • Termin opisujący typ zawartości
    • Tekst
    • b
    • Kod określający zawartość
    • txt
    • 2
    • Źródło (terminu i kodu)
    • rdacontent
337 -Typ mediów [ , ]
    • a
    • Tryb odtwarzania
    • Bez urządzenia pośredniczącego
    • b
    • Kod typu mediów
    • n
    • 2
    • Źródło (terminu i kodu)
    • rdamedia
338 -Typ/rodzaj nośnika [ , ]
    • a
    • Hasło opisujące typ nośnika
    • Wolumin
    • b
    • Kod typu nośnika
    • nc
    • 2
    • Źródło (terminu i kodu)
    • rdacarrier
080 -Uniwersalna Klasyfikacja Dziesiętna [ , ]
    • 2
    • Identyfikator wydania tablic
    • UDC-P022
    • a
    • Symbol klasyfikacji
    • 316.77
    • b
    • Dopowiedzenie
    • Socjologia komunikowania. Komunikacja społeczna. Wpływ środków masowego przekazu, decydentów, cenzury.
080 -Uniwersalna Klasyfikacja Dziesiętna [ , ]
    • 2
    • Identyfikator wydania tablic
    • UDC-P022
    • a
    • Symbol klasyfikacji
    • 316.346.3-053.2
    • b
    • Dopowiedzenie
    • Socjologia dziecka.
080 -Uniwersalna Klasyfikacja Dziesiętna [ , ]
    • 2
    • Identyfikator wydania tablic
    • UDC-P022
    • a
    • Symbol klasyfikacji
    • 372.831.677
    • b
    • Dopowiedzenie
    • Nauczanie socjologii komunikowania, komunikacji społecznej.
650 -Hasło przedmiotowe [ ,7]
    • a
    • Hasło przedmiotowe
    • Mass media i dzieci.
    • 2
    • Źródło terminu
    • kaba
    • 9
    • KHW
    • 118506
650 -Hasło przedmiotowe [ ,7]
    • a
    • Hasło przedmiotowe
    • Telewizja i dzieci.
    • 2
    • Źródło terminu
    • kaba
    • 9
    • KHW
    • 133189
650 -Hasło przedmiotowe [ ,7]
    • a
    • Hasło przedmiotowe
    • Mass media w edukacji.
    • 2
    • Źródło terminu
    • kaba
    • 9
    • KHW
    • 118519
980 -Symbol UKD [ , ]
    • a
    • UKD
    • 316.77:316.346.3-053.2:372.831.677
700 -Hasło dodatkowe - nazwa osobowa [1, ]
    • a
    • Nazwa osobowa (NP)
    • Izdebska, Jadwiga. Find
    • e
    • Określenie rodzaju współpracy
    • Red.
    • 9
    • KHW
    • 16152
700 -Hasło dodatkowe - nazwa osobowa [1, ]
    • a
    • Nazwa osobowa (NP)
    • Sosnowski, Tomasz Find
    • d
    • Daty biograficzne (NP)
    • ( -2020).
    • e
    • Określenie rodzaju współpracy
    • Red.
    • 9
    • KHW
    • 25873
710 -Hasło dodatkowe - nazwa ciała zbiorowego [2, ]
    • a
    • Nazwa ciała zbiorowego lub nazwa geograficzna jako pierwszy element (NP)
    • Trans Humana Wydawnictwo Uniwersyteckie (Białystok).
    • 4
    • Kod relacji
    • pbl
    • 9
    • KHW
    • 62688
920 -ISBN [ , ]
    • a
    • ISBN
    • 83-89190-58-3 Find
    • q
    • Dopowiedzenie
    • tom I
920 -ISBN [ , ]
    • a
    • ISBN
    • 83-89190-60-5 Find
    • q
    • Dopowiedzenie
    • tom I i II
Status udost. Numer inwentarzowy Lokalizacja Data inwentaryzacji
1Z.107000BG2006-11-03
1H.33657BNS2020-01-28